| 000 | 00627nam a2200205 a 4500 | ||
|---|---|---|---|
| 999 |
_c3501 _d3501 |
||
| 001 | 3501 | ||
| 003 | BD-JhCC | ||
| 005 | 20171114124113.0 | ||
| 008 | 171114s1964 bg |||| |||| 000 0 ben d | ||
| 035 | _a(BD-JhCC) | ||
| 040 |
_aBD-JhCC _dBD-JhCC |
||
| 041 | _aben | ||
| 082 |
_a923.1 _bRAH 1964 |
||
| 100 | _aরহমান, হাবীবুর | ||
| 245 |
_aছোটদের ম্যাঁও সে তুং / _cহাবীবুর রহমান |
||
| 260 |
_aঢাকা: _bআহমদ পাবলিশিং হাউস; _c১৯৬৩ |
||
| 300 |
_a54 p.; _c14 cm |
||
| 650 | _aBiography | ||
| 942 |
_2ddc _cBK |
||